Les villes françaises commençant par "Ro" - Statistiques

Statistiques générales
  • Ce quiz a été pris 307 fois
    266 depuis la dernière actualisation
  • Le résultat moyen est 7 sur 20
Statistiques - réponses
Indice Ville % Correct
76 Rouen
87%
42 Roanne
73%
12 Rodez
69%
59 Roubaix
58%
17 Rochefort
52%
41 Romorantin Lanthenay
43%
26 Romans sur Isere
40%
17 Royan
38%
77 Roissy en Brie
32%
93 Romainville
29%
93 Rosny sous Bois
28%
10 Romilly sur Seine
23%
06 Roquebrune cap martin
17%
29 Roscoff
16%
08 Rocroi
13%
13 Rognac
13%
59 Ronchin
9%
59 Roncq
6%
57 Rombas
5%
62 Rouvroy
2%
Aucun quiz correspondant
Distribution des résultats
% des personnes avec chaque résultat
Percentile par nombre de réponses
Votre historique - résultats
Vous n’avez pas pris ce quiz depuis la dernière actualisation